Black Beauty (Record no. 49046)
| 000 -LEADER | |
|---|---|
| fixed length control field | 00342nam a22001217a 4500 |
| 008 - FIXED-LENGTH DATA ELEMENTS--GENERAL INFORMATION | |
| fixed length control field | 250729b |||||||| |||| 00| 0 eng d |
| 020 ## - INTERNATIONAL STANDARD BOOK NUMBER | |
| International Standard Book Number | 9788131929834 |
| 100 ## - MAIN ENTRY--PERSONAL NAME | |
| Personal name | Little Sprouts (Author) |
| 9 (RLIN) | 86414 |
| 245 ## - TITLE STATEMENT | |
| Title | Black Beauty |
| 260 ## - PUBLICATION, DISTRIBUTION, ETC. (IMPRINT) | |
| Place of publication, distribution, etc | USA |
| Name of publisher, distributor, etc | B. Jain Publishers |
| Date of publication, distribution, etc | 2024 |
| 300 ## - PHYSICAL DESCRIPTION | |
| Extent | 32 pages |
| Other physical details | col. ill. |
| Dimensions | 14.1cm x 0.4cm x 21.7cm |
| 942 ## - ADDED ENTRY ELEMENTS (KOHA) | |
| Source of classification or shelving scheme | |
| Withdrawn status | Lost status | Source of classification or shelving scheme | Damaged status | Not for loan | Collection code | Home library | Current library | Date acquired | Total Checkouts | Full call number | Barcode | Date last seen | Price effective from | Koha item type |
|---|---|---|---|---|---|---|---|---|---|---|---|---|---|---|
| Siem Reap | Asian Hope Siem Reap | Asian Hope Siem Reap | 07/29/2025 | FIC LIT | 208994 | 07/29/2025 | 07/29/2025 | Book |